Heart-Shaped Foods by Picture Quiz Stats

 Plays Quiz Updated Feb 12, 2018

Challenge
Share
Tweet
Score 0/16 Timer 03:00
7 Plays Today
Food % Correct
Double Cheeseburger
99%
Strawberry
98.1%
Cucumber
97.6%
Tomato
97.6%
Cookies
96.9%
Potato Chip
96.2%
Sushi
96.1%
Cake
96.1%
Food % Correct
Doughnut
95.5%
Pizza
94.3%
Bacon
94.2%
Salmon
93.3%
Chocolates
90.6%
Ravioli
71.7%
Flan
49.1%
Sprinkles
29.4%

You're not logged in!

Compare scores with friends on all Sporcle quizzes.
Join for Free
OR
Log In

You Might Also Like...

Show Comments

Extras

Top Quizzes Today


Score Distribution

Your Account Isn't Verified!

In order to create a playlist on Sporcle, you need to verify the email address you used during registration. Go to your Sporcle Settings to finish the process.

Report this User

Report this user for behavior that violates our Community Guidelines.

Details: